[Event "Montreal Pere Noel op"]
[Site "Montreal"]
[Date "2023.12.29"]
[Round "3"]
[White "Tachijian, Mardig"]
[Black "Giroux, Robert"]
[Result "0-1"]
[WhiteElo "1642"]
[BlackElo "1776"]
[PlyCount "62"]
[EventDate "2023.12.27"]
[EventType "swiss"]
[EventRounds "5"]
[EventCountry "CAN"]
[SourceTitle "CB02_2024"]
[SourceDate "2024.01.10"]
[SourceVersion "1"]
[SourceVersionDate "2024.01.10"]
[SourceQuality "1"]

1. d4 Nf6 2. c4 c5 3. d5 e5 4. Nc3 d6 5. e4 Be7 6. f4 exf4 7. Bxf4 0-0 8. Nf3 Bg4 9. Be2 Bxf3 10. Bxf3 Nbd7 11. 0-0 Re8 12. Qc2 h6 13. Rf2 a6 14. Raf1 Bf8 15. h3 Qa5 16. Be2 Rab8 17. a4 Qd8 18. Bd3 b6 19. Ne2 Rb7 20. Ng3 g6 21. Bd2 Bg7 22. Bc3 Ne5 23. Bd2 Nh7 24. Be3 Qh4 25. Bf4 Ng5 26. Bxg5 Qxg3 27. Bf4 Qxd3 28. Qc1 Qxc4 29. Rc2 Qd4+ 30. Be3 Qxe4 31. Bxh6 Bxh6 0-1